000 02389cam a22006254i 4500
003 PE-LiUPU
005 20260504110129.0
008 150617s1971 sp r 000 0 spa d
035 _a(Sirsi) a11259
040 _aPE-LiUPU
_bspa
_cPE-LiUPU
_dPE-LiUPU
_erda
041 1 _aspa
_heng
049 _aPRUA
082 0 4 _a158.1
_bP358c
_220
100 1 _aPeale, Norman Vincent,
_d1898-1993
_eautor.
_98515
245 1 0 _aCultive su Felicidad /
_cNorman Vincent Peale; traducido por Carmelo Saavedra.
250 _aCuarta edición.
264 1 _aBarcelona :
_bEdiciones Grijalbo,
_c1971.
300 _a308 páginas ;
_c21 cm
336 _atext
_2rdacontent
337 _aunmediated
_2rdamedia
338 _avolume
_2rdacarrier
490 0 _aObras completas de Norman Vincent Peale ;
_v2
505 0 _aEl magnífico poder de la confianza -- El entusiasmo puede hacer maravillas para usted -- Cómo vencer sus frustraciones y ser creador -- Mate la preocupación y viva más tiempo -- Usted puede dominar sus dificultades -- Si usted quiere puede disfrutar de la vida -- Deje de sentirse cansado, viva vigorosamente -- Saque enseñanzas de los errores. y aprenda a no cometerlos -- ¿Por qué estar tensos? Cómo adaptarse a las tensiones -- Su vida puede estar pletórica de alegría -- Deje de estar deprimido y viva animosamente -- La paz mental: su fuente de poder y energía -- Cómo encontrarse bien y con una salud vibrante -- Confianza en sí mismo y hechos dinámicos -- Vivir por encima del dolor y el sufrimiento -- Viva eternamente.
526 _aSEG68
526 _aSEG70
526 _aSEG69
526 _aSEG67
526 _aSEG43
526 _aP144
526 _aP143
526 _aP131
526 _aP122
526 _aP120
526 _aP117
526 _aP112
526 _aP110
526 _aP106
526 _aP101
526 _aP80
526 _aP59
526 _aP54
526 _aP35
526 _aP33
526 _aP30
534 _aTítulo original :
_tStay alive all your life.
650 1 4 _aAutoayuda
_95814
650 2 4 _aFelicidad
_91027
650 2 4 _aDesarrollo personal
_98159
650 2 4 _aPensamiento positivo
_98517
700 _aSaavedra, Carmelo,
_etraductor.
_98518
910 _ajck
942 _2ddc
_cBK
980 _818226
_gJaime Vilcazán Jefe de Análisis Documental
999 _c1391
_d1391